000 00658nam a2200217Ia 4500
005 20241129104151.0
008 241129s9999||||xx |||||||||||||| ||und||
020 _a9780691201788
037 _aTextual
040 _aRTL
_beng
_cRTL
041 _aeng
_2eng
084 _aX:9F,3.73 R1
_qRTL
100 _aGoldin Claudia
_9248110
245 0 _aCareer and family: Women's century-long journey toward equity
_cGoldin Claudia
260 _aNew Jersey
_bPrinceton University Press
_c2021
300 _axii,325p.
365 _aINR
_b2315.94
650 _aPolitical Economy
_9433908
942 _cTB
_hX:9F,3.73 R1
999 _c1224705
_d1224705